High life low life; Level 4

محفوظ في:
التفاصيل البيبلوغرافية
المؤلف الرئيسي: Alan Battersby
التنسيق: كتاب
اللغة:Undetermined
منشور في: Cambridge, UK. Cambridge Univ. Press 2001
الموضوعات:
الوسوم: إضافة وسم
لا توجد وسوم, كن أول من يضع وسما على هذه التسجيلة!
Thư viện lưu trữ: Trung tâm Học liệu Trường Đại học Cần Thơ
LEADER 00511nam a2200193Ia 4500
001 CTU_54908
008 210402s9999 xx 000 0 und d
020 |b 58000 
082 |a 428.64 
082 |b C178/Level 4 
100 |a Alan Battersby 
245 0 |a High life low life; Level 4 
245 0 |c Alan Battersby 
260 |a Cambridge, UK. 
260 |b Cambridge Univ. Press 
260 |c 2001 
650 |a english language 
650 |x readers 
980 |a Trung tâm Học liệu Trường Đại học Cần Thơ